Green planet
Once 'green' was just a colour. Now we use it to talk about a way of looking at our world and thinking about the environment. But how green is our planet today? From nuclear power plants to Nemo the clownfish, from polar bears to pesticides, from Greenpeace to global warming, this book bri...
Na minha lista:
| Autor principal: | |
|---|---|
| Formato: | Livro |
| Idioma: | Undetermined |
| Publicado em: |
Oxford
Oxford University Press
2010
|
| Assuntos: | |
| Tags: |
Adicionar Tag
Sem tags, seja o primeiro a adicionar uma tag!
|
| Thư viện lưu trữ: | Trung tâm Học liệu Trường Đại học Cần Thơ |
|---|
| LEADER | 01082nam a2200217Ia 4500 | ||
|---|---|---|---|
| 001 | CTU_188439 | ||
| 008 | 210402s9999 xx 000 0 und d | ||
| 020 | |c 62000 | ||
| 082 | |a 428.4 | ||
| 082 | |b L747/Vol.2 | ||
| 100 | |a Lindop, Christine | ||
| 245 | 0 | |a Green planet | |
| 245 | 0 | |c Christine Lindop | |
| 260 | |a Oxford | ||
| 260 | |b Oxford University Press | ||
| 260 | |c 2010 | ||
| 520 | |a Once 'green' was just a colour. Now we use it to talk about a way of looking at our world and thinking about the environment. But how green is our planet today? From nuclear power plants to Nemo the clownfish, from polar bears to pesticides, from Greenpeace to global warming, this book brings together many different stories that have made environmental history. Read it, and perhaps you too can help to make our planet greener! | ||
| 650 | |a English language,Reading comprehension,Đọc hiểu | ||
| 650 | |x Textbooks for foreign speakers.,Problems, exercises, etc.,Câu hỏi và bài tập | ||
| 904 | |i Tuyeesn | ||
| 980 | |a Trung tâm Học liệu Trường Đại học Cần Thơ | ||